[Event "28th Saxony Seniors Open-ch 2020"]
[Site "Dresden"]
[Date "2020.10.18"]
[Round "6.6"]
[White "Waltenberger, Udo"]
[Black "Zilch, Lothar"]
[Result "1-0"]
[WhiteElo "2053"]
[BlackElo "1877"]
[Annotator "TA"]
[PlyCount "115"]
[EventDate "2020.10.13"]
[EventType "swiss"]
[EventCountry "GER"]
[SourceTitle "playchess.com"]
[Source "ChessBase"]
[SourceQuality "1"]

{[%evp 9,115,44,75,63,74,78,77,71,93,101,95,96,131,129,130,127,135,129,124,72,65,51,52,0,54,48,54,31,42,0,0,0,0,0,6,5,5,6,6,5,16,16,16,18,30,12,23,20,51,39,67,31,55,55,59,55,83,75,83,85,95,75,106,100,93,76,80,84,117,92,120,77,87,16,22,30,13,16,39,38,104,117,253,248,584,569,734,729,1293,702,681,646,669,645,29975,29974,29955,2970,4702,5808,29980,29981,6083,2759,29990,29991,29991,29992]} 1. e4 c5 2. Nf3 Nc6 3. Bb5 a6 4. Bxc6 dxc6 5. d3 Bg4 6. Be3 {B30: Sicilian: 2...Nc6 3 Bb5, lines without ...g6.} e6 7. Nbd2 Nf6 8. h3 {White is better.} Bh5 9. g4 Bg6 10. Ne5 {[#]} Bd6 $146 ({Predecessor:} 10... Be7 11. f4 h5 12. Qf3 hxg4 13. hxg4 Rxh1+ 14. Qxh1 Bf8 15. Qh3 Qa5 16. Nxg6 fxg6 17. g5 {1-0 (17) Rivas Romero,G (2172)-Pibernik,D (1685) ICCF email 2016}) 11. Ndc4 Bxe5 12. Nxe5 Qa5+ 13. Qd2 Qxd2+ 14. Bxd2 (14. Kxd2 $142 O-O-O 15. Kc3) 14... Nd7 $16 15. Nxg6 hxg6 16. f4 ({White should play} 16. Ke2 $14) 16... O-O-O (16... c4 $1 $11) 17. O-O-O Rh7 18. Rdf1 Rdh8 19. Bc3 Rxh3 20. Rxh3 Rxh3 21. Bxg7 $11 {[%mdl 4096] Endgame KRB-KRN} Rh4 22. g5 Rh5 23. b3 Kd8 24. Bc3 Ke8 25. Bd2 Rh3 26. Kd1 Ke7 27. Be1 Ke8 28. Ke2 Ke7 29. Rg1 Ke8 30. Bg3 Ke7 31. Kf3 Rh7 32. a4 {[%cal Ba2a4,Ba4a5][%mdl 32]} Nb6 33. Rb1 Nd7 34. a5 Kd8 35. b4 Kc8 36. bxc5 Nxc5 37. d4 Nd7 38. c4 Rh5 39. Kg4 Rh8 40. Rc1 Kd8 41. d5 (41. f5 $16) 41... exd5 42. cxd5 cxd5 43. exd5 {[#] aiming for f5.} f5+ 44. Kf3 Ke7 (44... Rh7 $14) 45. Re1+ $16 Kd8 {Now Black is done in.} (45... Kd6 $16 {was necessary.}) 46. Re6 $18 Rg8 $2 (46... Nf8 47. Rb6 Rh1) 47. Bf2 Kc8 48. Bd4 Nf8 49. Re7 Nd7 50. Ke3 Kd8 51. Re6 Re8 {[#] intending ...Rxe6+.} 52. Bf6+ $1 Nxf6 53. gxf6 {White threatens Rxe8+ and mate. KR-KR} Rf8 54. Kd4 Kd7 55. Ke5 Rf7 56. d6 {White wants to mate with Re7+.} Rh7 57. Re7+ Rxe7+ 58. fxe7 {Av CentiPawn Loss W=-37/B=350. Weighted=-32/288} 1-0

[Event "28th Saxony Seniors Open-ch 2020"]
[Site "Dresden"]
[Date "2020.10.19"]
[Round "7.1"]
[White "Kreutzkamp, Hans-Rudolf"]
[Black "Schmidt, Joerg"]
[Result "1/2-1/2"]
[WhiteElo "2046"]
[BlackElo "2010"]
[Annotator "TA"]
[PlyCount "59"]
[EventDate "2020.10.13"]
[EventType "swiss"]
[EventCountry "GER"]
[SourceTitle "playchess.com"]
[Source "ChessBase"]
[SourceQuality "1"]

{[%evp 14,59,30,21,41,27,37,26,37,21,35,25,22,16,39,22,38,26,46,15,20,13,23,20,21,7,3,0,22,0,0,0,0,-18,-14,-7,-7,-9,-8,-8,-16,-29,-29,-20,-21,-36,-16,-56]} 1. e4 e5 2. Nf3 Nf6 3. Nxe5 d6 4. Nf3 Nxe4 5. d4 d5 6. Bd3 Bf5 7. O-O Be7 8. c4 c6 {C42: Petroff Defence: 3 Nxe5 and unusual White 3rd moves.} 9. Nc3 Nxc3 10. bxc3 Bxd3 {White has an edge.} 11. Qxd3 O-O $1 12. Bf4 dxc4 13. Qxc4 Nd7 {[#]} 14. Rab1 $146 ({Predecessor:} 14. Rfe1 Nb6 15. Qb3 Bd6 16. Bxd6 Qxd6 17. c4 Qc7 18. Rab1 Rfe8 19. Rxe8+ Rxe8 20. c5 {1-0 (36) Garcia,R-Quinteros,L Fuengirola 2005}) 14... Nb6 15. Qb3 Bf6 16. Be5 Bxe5 17. Nxe5 Qd5 18. Qxd5 cxd5 19. Rb4 Rac8 20. Rc1 Rc7 21. Nd3 Rfc8 22. Nc5 Nd7 23. Rxb7 (23. Nxb7 {is more complex.} Rxc3 24. Rxc3 Rxc3 25. g3 Ra3 26. Nd6) 23... Nxc5 24. Rxc7 Rxc7 25. dxc5 Rxc5 $11 {KR-KR} 26. Kf1 Kf8 27. Ke2 Ra5 28. Rc2 Ke7 29. Kd3 Kd6 30. Re2 {Av CentiPawn Loss W=-10/B=-7. Weighted=-11/-7} 1/2-1/2

[Event "28th Saxony Seniors Open-ch 2020"]
[Site "Dresden"]
[Date "2020.10.19"]
[Round "7.3"]
[White "Proschmann, Tino"]
[Black "Weidlich, Guenter"]
[Result "0-1"]
[WhiteElo "2108"]
[BlackElo "2172"]
[Annotator "TA"]
[PlyCount "144"]
[EventDate "2020.10.13"]
[EventType "swiss"]
[EventCountry "GER"]
[SourceTitle "playchess.com"]
[Source "ChessBase"]
[SourceQuality "1"]

{[%evp 11,144,13,17,20,22,17,19,13,56,0,10,0,10,0,14,13,22,19,32,6,26,36,42,18,70,30,39,37,33,41,31,45,41,36,43,29,70,49,58,52,81,56,98,75,106,63,87,16,70,75,249,113,122,122,120,104,118,101,105,94,111,107,130,94,112,94,116,95,106,0,114,88,148,151,149,132,137,50,246,246,241,238,240,239,247,229,306,308,291,320,302,252,368,208,265,191,394,391,428,435,485,391,321,379,379,208,200,118,114,108,95,-411,-422,-405,-405,-379,-364,-363,-252,-248,-248,-309,-283,-942,-929,-887,-750,-857,-929,-882,-1056,-6083,-400,-5097,-5646]} 1. e4 c6 2. d4 d5 3. exd5 cxd5 4. Bd3 Nc6 5. c3 Qc7 6. Ne2 Bg4 7. O-O {now supersedes 7.f3. B13: Caro-Kann: Exchange Variation and Panov-Botvinnik Attack.} Nf6 8. Qe1 e6 9. Bg5 {aiming for f3.The position is equal.} Bh5 10. Nf4 (10. f4 $14) 10... Bg6 11. Nxg6 hxg6 {[%csl Gh8][%cal Rc7h2] [#]} 12. g3 {[#]} Bd6 $146 ({Predecessor:} 12... Be7 13. Qe2 Rh5 14. Bf4 Bd6 15. Bxd6 Qxd6 16. Nd2 O-O-O 17. f4 Rdh8 18. Nf3 Ng4 {0-1 (36) Neiksans,A (2557)-Antal,G (2571) chess.com INT 2020}) 13. Nd2 O-O 14. Nf3 Rfe8 15. Qb1 a6 16. Re1 Nd7 17. Kg2 Nf8 (17... e5 $11) 18. Bd2 Rac8 19. h4 e5 20. dxe5 Nxe5 21. Nxe5 Bxe5 22. Qd1 Bf6 23. Qg4 Qd7 24. Qf3 Ne6 25. Rad1 Nc5 26. Bc2 Qc6 27. Bc1 Ne4 28. Bb3 Rcd8 29. h5 (29. Rd3 $16) 29... g5 ({Black should try} 29... gxh5 $11 30. Qxh5 g6) 30. Qf5 $14 {[%cal Rb3d5]} Qe6 $2 (30... Re5 $16 31. Qg4 (31. Qf3 a5 $14) 31... Be7) 31. Qxe6 (31. Rxd5 $18 Qxf5 32. Rxf5) 31... fxe6 $16 32. Bc2 Nd6 33. Rh1 Nf7 34. Bg6 Re7 35. Rhe1 Rc8 36. Re2 Rc6 37. Bb1 b5 38. a3 Kf8 39. Ba2 Ke8 40. Bb1 (40. g4 $16) 40... Nh6 (40... Kf8 $1 $11 {remains equal.}) 41. f4 gxf4 (41... g4 $142) 42. Bxf4 Nf7 43. Bg6 Kd7 44. Bc1 ({Better is} 44. Rf1 $16) 44... Ng5 $2 ({Black should play} 44... Bg5 $1 $14) 45. Rf2 $18 Nf7 46. g4 Nh8 47. g5 Be5 48. Bb1 Rc8 49. Re1 Bd6 50. g6 Ree8 51. Be3 Rcd8 (51... Rc4 $142 52. Kh3 Be5) 52. Bg5 (52. Rfe2 $142) 52... Ra8 53. Bf4 e5 $2 (53... Bxf4 {keeps fighting.} 54. Rxf4 Rac8) 54. Be3 Kc6 55. Rd1 ({Weaker is} 55. h6 e4 $18) 55... e4 {If only Black now had time for ...Re5....} 56. Rf5 Re5 57. Rdf1 Rae8 58. Bc2 (58. Bd4 $142) 58... R8e6 59. Bd1 (59. Rxe5 $18 Bxe5 60. Bb3) 59... Nxg6 $16 60. hxg6 Rxg6+ 61. Kh3 $2 {[%mdl 8192]} (61. Kh1 $16) 61... Rxf5 $19 62. Rxf5 {Black must now prevent Bg5.} Rg3+ {[%mdl 64] [#] Double Attack} 63. Kh4 {Threatens to win with Bg5.} Rxe3 {[%mdl 4096] Endgame KRB-KRB} 64. Bb3 Be7+ 65. Kg4 Rd3 {And now ...Rd2 would win.} 66. Rf1 Bf6 67. Rd1 $2 (67. Rf2) 67... Rxd1 68. Bxd1 Kc5 69. Be2 g6 70. Kf4 a5 {[%cal Ba6a5,Ba5a4][%mdl 32]} 71. Ke3 Bg5+ 72. Kf2 a4 {Av CentiPawn Loss W=-71/B=-30. Weighted=-53/-37} 0-1

[Event "28th Saxony Seniors Open-ch 2020"]
[Site "Dresden"]
[Date "2020.10.19"]
[Round "7.4"]
[White "Kyas, Juergen"]
[Black "Stierle, Martin"]
[Result "1/2-1/2"]
[WhiteElo "2202"]
[BlackElo "1805"]
[Annotator "TA"]
[PlyCount "62"]
[EventDate "2020.10.13"]
[EventType "swiss"]
[EventCountry "GER"]
[SourceTitle "playchess.com"]
[Source "ChessBase"]
[SourceQuality "1"]

{[%evp 25,62,20,25,14,22,10,6,9,10,14,15,10,16,11,9,12,68,47,50,51,50,0,0,-12,-15,-19,-19,-19,-19,-19,0,0,0,0,0,0,0,0,0]} 1. e4 e6 2. d4 d5 3. Nd2 Nf6 4. e5 Nfd7 5. c3 c5 6. Bd3 Nc6 7. Ne2 cxd4 8. cxd4 f6 9. exf6 Nxf6 10. Nf3 Bd6 11. O-O Qc7 12. g3 {Recently 12.Nc3 got a lot of attention.} O-O 13. Bf4 Ng4 {[%cal Rd6f4]} 14. Qd2 {C06: French Tarrasch: 3...Nf6 4 e5 Nfd7 5 Bd3 main lines.} e5 15. dxe5 Ngxe5 16. Nxe5 Nxe5 17. Bxe5 Bxe5 18. Nc3 Bxc3 19. bxc3 {[#]} Bh3 $146 ({Predecessor:} 19... Bf5 20. Rad1 Bg4 21. Rc1 Bf3 22. Rfe1 Rae8 23. Rxe8 Rxe8 24. Re1 Qf7 25. Rxe8+ Qxe8 26. Qf4 Be4 27. Bxe4 dxe4 28. Qd2 {½-½ (28) Green,W (2440)-Latronico,N (2440) ICCF email 2010}) 20. Rfe1 Qf7 (20... Qc6 $11) 21. Re3 Rae8 22. Rae1 Rxe3 23. Qxe3 Qf3 {[#] ( -> ...Qg2#). The position is equal.} 24. Qxf3 Rxf3 25. Re3 Rxe3 26. fxe3 $11 {[%mdl 4096] Endgame KB-KB} Kf7 27. Kf2 ({Avoid the trap} 27. Bxh7 $2 g6 $19) 27... Bg4 28. e4 ({Wrong is} 28. Bxh7 $2 g6 $19) 28... dxe4 29. Bxe4 {[%mdl 64] [#] Double Attack} b6 30. Ke3 ({Much weaker is} 30. Bxh7 g6 $17) 30... Be6 31. a3 h6 {Av CentiPawn Loss W=-6/B=-5. Weighted=-8/-6} 1/2-1/2

[Event "28th Saxony Seniors Open-ch 2020"]
[Site "Dresden"]
[Date "2020.10.19"]
[Round "7.5"]
[White "Krien, Hartmut"]
[Black "Waltenberger, Udo"]
[Result "1/2-1/2"]
[WhiteElo "1818"]
[BlackElo "2053"]
[Annotator "TA"]
[PlyCount "76"]
[EventDate "2020.10.13"]
[EventType "swiss"]
[EventCountry "GER"]
[SourceTitle "playchess.com"]
[Source "ChessBase"]
[SourceQuality "1"]

{[%evp 14,76,10,-23,-17,-41,-36,-39,-47,-79,-70,-84,-65,-72,-57,-144,-145,-130,-146,-131,-135,-135,-131,-131,-108,-200,-177,-206,-218,-169,-157,-127,-61,-68,-82,-61,-84,-104,-73,-102,-63,-63,0,0,0,0,0,0,0,0,0,0,0,0,0,0,0,0,0,-5,0,0,0,0,0]} 1. e4 c5 2. Nc3 Nc6 3. Nge2 g6 4. g3 Bg7 5. Bg2 d6 6. O-O e6 7. d3 Nge7 8. h3 O-O {B25: Closed Sicilian: 3 g3, lines without early Be3.} 9. f4 Rb8 10. g4 f5 {Black is slightly better.} 11. g5 Nd4 12. Ng3 b5 13. Nce2 b4 14. c3 {[#]} (14. Nxd4 $15 Bxd4+ 15. Kh2) 14... bxc3 $146 ({Predecessor:} 14... Nxe2+ 15. Nxe2 Nc6 16. exf5 Qb6 17. fxg6 hxg6 18. Be3 Ne7 19. Bf2 Nf5 20. Qd2 bxc3 21. bxc3 {1-0 (41) Atanes Netto,S (1862)-Chiaretti,F (1792) Sao Paulo 2014}) 15. bxc3 Nxe2+ 16. Nxe2 Ba6 17. Qc2 fxe4 18. Bxe4 Qd7 19. Be3 (19. Rb1 $17) 19... d5 20. Bf3 d4 21. cxd4 cxd4 22. Bf2 Rfc8 ({Better is} 22... Nd5 $17 {Hoping for ...Nb4.} 23. Rac1 Nb4) 23. Qd2 $15 Bb7 24. Bxb7 Rxb7 25. Rab1 Rbc7 {Threatens to win with ...Rc2.} 26. Rfc1 Rxc1+ 27. Rxc1 Nf5 (27... Rd8 $15 28. Rc5 e5) 28. Rxc8+ $11 {The position is equal.} Qxc8 29. Qb2 Qc5 30. Qb8+ Kf7 31. Qb7+ Qe7 32. Qb2 Qc5 33. Qb7+ Qe7 34. Qb2 Qd7 35. Qb4 Qd5 36. Qa4 Qc5 37. Qd7+ Qe7 38. Qa4 {[%cal Re2d4]} Qc5 {Whites escaped into a draw. Av CentiPawn Loss W=-7/B=-7. Weighted=-9/-9} 1/2-1/2

[Event "28th Saxony Seniors Open-ch 2020"]
[Site "Dresden"]
[Date "2020.10.19"]
[Round "7.6"]
[White "Van Bentum, Horst"]
[Black "Appelt, Gerd"]
[Result "1/2-1/2"]
[WhiteElo "2012"]
[BlackElo "1997"]
[Annotator "TA"]
[PlyCount "27"]
[EventDate "2020.10.13"]
[EventType "swiss"]
[EventCountry "GER"]
[SourceTitle "playchess.com"]
[Source "ChessBase"]
[SourceQuality "1"]

{[%evp 9,27,0,15,10,14,18,19,2,8,0,4,8,24,4,5,15,26,15,17,4]} 1. d4 Nf6 2. Nf3 e6 3. Bf4 b6 4. e3 Bb7 5. Nbd2 d5 6. c3 {D02: 1 d4 d5 2 Nf3 sidelines, including 2...Nf6 3 g3 and 2...Nf6 3 Bf4.} Be7 7. Bb5+ c6 8. Bd3 Nbd7 9. Ne5 Nxe5 10. Bxe5 Bd6 {[#]} 11. Nf3 $146 ({Predecessor:} 11. f4 Qe7 12. O-O O-O 13. e4 dxe4 14. Nxe4 Nxe4 15. Bxe4 f5 16. Bf3 Bxe5 17. dxe5 {½-½ (45) Lorenz,G (2350)-Vaganian,R (2605) Bad Godesberg 1999}) 11... Bxe5 12. Nxe5 Nd7 13. Nxd7 Qxd7 14. Qg4 {Not much happened in this game.} 1/2-1/2

[Event "28th Saxony Seniors Open-ch 2020"]
[Site "Dresden"]
[Date "2020.10.20"]
[Round "8.1"]
[White "Weidlich, Guenter"]
[Black "Schmidt, Joerg"]
[Result "1/2-1/2"]
[WhiteElo "2172"]
[BlackElo "2010"]
[Annotator "TA"]
[PlyCount "37"]
[EventDate "2020.10.13"]
[EventType "swiss"]
[EventCountry "GER"]
[SourceTitle "playchess.com"]
[Source "ChessBase"]
[SourceQuality "1"]

{[%evp 9,14,13,6,4,3,0,4]} 1. b3 c5 2. Bb2 Nc6 3. Nf3 Nf6 4. e3 g6 5. d4 cxd4 {The position is equal.} 6. Nxd4 {A48: 1 d4 Nf6 2 Nf3 g6: Torre, London and Colle Systems.} Bg7 7. c4 O-O {[#] A rather calm draw.} {Predecessor:} 8. Be2 $146 Nxd4 9. Bxd4 d6 10. O-O Bd7 11. Nd2 Bc6 12. Bf3 Qd7 13. Qe2 e5 14. Bxc6 bxc6 15. Bb2 Qe6 16. e4 Rfe8 17. Rfe1 Rad8 18. Rad1 Rd7 19. Nf3 {½-½ (49) Uribe,J (2150)-Rios Parra,A (2315) Cali 2017} 1/2-1/2

[Event "28th Saxony Seniors Open-ch 2020"]
[Site "Dresden"]
[Date "2020.10.20"]
[Round "8.2"]
[White "Kyas, Juergen"]
[Black "Pruefer, Friedbert"]
[Result "1/2-1/2"]
[WhiteElo "2202"]
[BlackElo "2249"]
[Annotator "TA"]
[PlyCount "34"]
[EventDate "2020.10.13"]
[EventType "swiss"]
[EventCountry "GER"]
[SourceTitle "playchess.com"]
[Source "ChessBase"]
[SourceQuality "1"]

{[%evp 17,19,37,32,44]} 1. e4 {Marin,M} d6 2. d4 Nf6 3. Nc3 g6 4. Nf3 Bg7 5. Be2 O-O 6. O-O c6 7. a4 Qc7 8. a5 e5 9. dxe5 dxe5 10. Be3 {[#] B08: Pirc Defence: Classical System.} {Predecessor:} Bg4 $146 11. Bc4 Rd8 12. Qe2 Qe7 13. h3 Bxf3 14. Qxf3 Nbd7 15. Nb1 b5 16. axb6 axb6 17. Rxa8 Rxa8 {½-½ (43) Harikrishna,P (2669)-Ivanchuk,V (2768) Ningbo 2011 CBM 144 [Marin,M]} 1/2-1/2

[Event "28th Saxony Seniors Open-ch 2020"]
[Site "Dresden"]
[Date "2020.10.20"]
[Round "8.3"]
[White "Koehler, Gerhard"]
[Black "Moritz, Hartmut"]
[Result "1-0"]
[WhiteElo "2211"]
[BlackElo "2066"]
[Annotator "TA"]
[PlyCount "137"]
[EventDate "2020.10.13"]
[EventType "swiss"]
[EventCountry "GER"]
[SourceTitle "playchess.com"]
[Source "ChessBase"]
[SourceQuality "1"]

{[%evp 9,137,16,28,10,14,8,8,-8,0,7,0,0,0,-15,39,0,0,0,0,0,0,0,39,33,41,17,37,32,37,27,85,86,85,77,97,92,182,176,182,155,182,183,180,181,248,90,81,65,78,73,81,65,66,66,92,65,79,69,87,20,41,33,56,33,33,33,56,52,72,32,55,15,20,0,0,0,33,0,33,33,70,81,69,72,89,96,91,76,85,87,90,30,63,44,44,44,257,72,77,0,148,211,263,251,345,323,283,260,836,596,837,704,641,582,829,829,2036,804,1258,1113,1104,677,1118,1154,29969,29967,29984,29985,29985,29986]} 1. c4 e5 2. g3 c6 3. Nf3 e4 4. Nd4 d5 5. cxd5 cxd5 6. Bg2 {A20: English Opening: 1...e5.} Nc6 7. Nxc6 bxc6 8. O-O {The position is equal.} f5 {[#]} 9. Qc2 $146 ({Predecessor:} 9. d4 Bd6 10. Nc3 Nf6 11. Bg5 O-O 12. f4 h6 13. Bxf6 Qxf6 14. e3 Ba6 15. Rf2 {1-0 (41) Chelushkina,I (2388)-Grabics,M (2283) Belgrade 2002}) 9... Bd7 10. Nc3 {[%cal Bb1c3,Bc3a4,Ba4c5][%mdl 32]} Nf6 11. Na4 Qa5 (11... Bd6 $11) 12. d4 Bd6 13. Bd2 Qc7 14. Nc5 O-O 15. Rac1 Rac8 16. Bb4 {And now Na6 would win.} Ne8 17. f4 Rf7 18. Qa4 $36 {[%mdl 2048] White has some pressure.} Qb6 19. e3 Qb5 (19... Rb8 $11 {keeps the balance.} 20. Ba3 Bc8) 20. Qxb5 $16 cxb5 21. Rf2 Ra8 22. Ba5 Nc7 (22... Bf8 $16 {is a better defense.}) 23. Bf1 $18 a6 24. Rfc2 Ne6 25. Nxe6 Bxe6 26. Rc6 Rd7 27. b4 $2 (27. Rb6 $18) 27... Kf7 $16 28. a3 Be7 29. Be2 Rb7 30. h3 Bd7 31. R6c3 Bd6 32. Kf2 g6 33. g4 Ke7 34. g5 ({White should try} 34. Bd1 $16) 34... Rbb8 35. h4 Rc8 36. Bb6 Rxc3 37. Rxc3 Rc8 38. Bc5 Ke6 39. Rc1 h5 40. gxh6 {Black must now prevent Rg1.} Rh8 41. Bxd6 Kxd6 $11 {[%mdl 4096] Endgame KRB-KRB} 42. a4 Rxh6 43. Kg3 Rh8 (43... bxa4 $5 {[%cal Rh6h8]} 44. Bxa6 Rh8 $11) 44. axb5 Bxb5 45. Bxb5 axb5 $14 {KR-KR} 46. Ra1 Rc8 47. Ra6+ Ke7 48. Rxg6 Rc3 49. Kf2 Rc2+ 50. Ke1 (50. Kg1 $16) 50... Rh2 51. Rb6 Rxh4 52. Rxb5 Rh3 $2 (52... Rh1+ $14 53. Kd2 Ke6) 53. Kd2 $2 (53. Rxd5 $18 {is the precise move to win. Strongly threatening Kd2.} Rxe3+ 54. Kd2 $1 {[%mdl 512]} Rd3+ 55. Kc2) 53... Rh2+ $16 54. Ke1 (54. Kc3 $142 Kd6 55. Rb6+ Ke7 56. b5) 54... Rh3 {Black is now going downhill.} 55. Rxd5 Rxe3+ {[#]} 56. Kd2 $1 Rd3+ {[#]} 57. Kc2 $1 Ke6 58. Re5+ Kf6 $2 (58... Kd7 59. Rxf5 Rxd4) 59. d5 $18 Rf3 60. Re6+ Kf7 61. b5 {[%cal Bb4b5,Bb5b6,Bb6b7][%mdl 32]} Rxf4 62. b6 {Intending b7 and mate.} Rh4 {[#]} 63. Kc3 (63. Re8 $142 $1 {[%mdl 512]} Kxe8 64. b7) 63... Rh3+ 64. Kc4 Rh1 65. Kc5 Rb1 66. Kc6 Rb3 67. b7 {White mates.} Rc3+ 68. Kd6 Rb3 69. Kc7 {Av CentiPawn Loss W=-43/B=-82. Weighted=-33/-66} 1-0

[Event "28th Saxony Seniors Open-ch 2020"]
[Site "Dresden"]
[Date "2020.10.20"]
[Round "8.4"]
[White "Stierle, Martin"]
[Black "Proschmann, Tino"]
[Result "0-1"]
[WhiteElo "1805"]
[BlackElo "2108"]
[Annotator "TA"]
[PlyCount "70"]
[EventDate "2020.10.13"]
[EventType "swiss"]
[EventCountry "GER"]
[SourceTitle "playchess.com"]
[Source "ChessBase"]
[SourceQuality "1"]

{[%evp 15,70,25,23,8,6,-23,-44,-58,-44,-32,-29,-51,-43,-43,-50,-72,-68,-114,-111,-119,-116,-206,-220,-281,-227,-212,-231,-228,-220,-225,-226,-222,-203,-400,-270,-645,-623,-584,-442,-479,-349,-342,-350,-831,-806,-729,-617,-652,-566,-581,-509,-29984,-29985,-29996,-29997,-29997,-29997]} 1. d4 d5 2. c4 c6 3. Nf3 Nf6 4. Nc3 dxc4 5. a4 Bf5 6. Ne5 Nbd7 7. Nxc4 Nb6 8. Ne5 a5 9. f3 {D17: Slav Defence: 5 a4 Bf5: Lines with 6 Nh4 and 6 Ne5.} Nfd7 10. Bf4 Nxe5 {[#]} 11. dxe5 $146 {Black is slightly better.} ({Predecessor:} 11. Bxe5 f6 12. Bg3 Bg6 13. e4 e6 14. Be2 Bb4 15. O-O O-O 16. Bf2 f5 17. Qb3 {0-1 (52) Nielsen,P (2620)-Sokolov,I (2658) Reykjavik 2001}) 11... e6 12. e4 Bg6 13. Qb3 Bc5 14. Rd1 Qc7 15. Bc4 O-O 16. Bg3 Rad8 17. Ke2 Bd4 18. Rxd4 (18. Kf1 $17 {keeps fighting.}) 18... Rxd4 $19 19. Bf2 Qxe5 ({And not} 19... Nxc4 20. Bxd4 Nxe5 21. Bc5 $11) (19... Rxc4 20. Bxb6 Rxc3 21. bxc3 $15) 20. Bxd4 Qxd4 21. Bd3 {[#]} Nd5 $1 {[%mdl 512]} 22. Nxd5 (22. exd5 Bxd3+) 22... exd5 23. Rd1 Qe5 {Hoping for ...f5.} 24. Ke3 $2 (24. Kf2) 24... Qxh2 ({Much less strong is} 24... dxe4 25. Bxe4 Bxe4 26. fxe4 $19) 25. Qxb7 $2 (25. Kf2) 25... Qxg2 26. Qxc6 dxe4 27. Bxe4 Qxb2 28. Bxg6 hxg6 {[%mdl 4096] Endgame KQR-KQR} 29. f4 $2 (29. Rd5) 29... g5 30. fxg5 Qe5+ 31. Qe4 Qxg5+ 32. Kf2 Rb8 {...Rb2+ is the strong threat.} 33. Rd5 (33. Rb1 $19 Qf6+ 34. Ke2) 33... Rb2+ {Black mates.} 34. Kf1 Qc1+ 35. Qe1 {[#]} Qc4+ $1 {White got outplayed after the opening. Av CentiPawn Loss W=-85/B=-28. Weighted=-121/-30} 0-1

[Event "28th Saxony Seniors Open-ch 2020"]
[Site "Dresden"]
[Date "2020.10.20"]
[Round "8.5"]
[White "Waltenberger, Udo"]
[Black "Glasewald, Stefan"]
[Result "1/2-1/2"]
[WhiteElo "2053"]
[BlackElo "1988"]
[Annotator "TA"]
[PlyCount "27"]
[EventDate "2020.10.13"]
[EventType "swiss"]
[EventCountry "GER"]
[SourceTitle "playchess.com"]
[Source "ChessBase"]
[SourceQuality "1"]

{[%evp 9,14,28,24,10,15,1,14]} 1. e4 c5 2. Nf3 e6 3. c3 d5 4. exd5 Qxd5 5. d4 cxd4 6. Qxd4 {B22: Sicilian: 2 c3.} Nf6 7. Nbd2 Nc6 {[#] Not much happened in this game.} {Predecessor:} 8. Qxd5 $146 Nxd5 9. a3 Be7 10. g3 O-O 11. Bg2 Bd7 12. O-O Rac8 13. c4 Nb6 14. b3 {0-1 (41) Kutzner,J-Sadeghi,B (2282) Frankfurt 2001} 1/2-1/2

[Event "28th Saxony Seniors Open-ch 2020"]
[Site "Dresden"]
[Date "2020.10.20"]
[Round "8.6"]
[White "Appelt, Gerd"]
[Black "Kreutzkamp, Hans-Rudolf"]
[Result "0-1"]
[WhiteElo "1997"]
[BlackElo "2046"]
[Annotator "TA"]
[PlyCount "52"]
[EventDate "2020.10.13"]
[EventType "swiss"]
[EventCountry "GER"]
[SourceTitle "playchess.com"]
[Source "ChessBase"]
[SourceQuality "1"]

{[%evp 15,52,12,16,-4,36,28,31,-24,-17,-20,-35,-68,-57,-104,-106,-183,-186,-471,-448,-629,-617,-1190,-1166,-1306,-1174,-1512,-1509,-1479,-1384,-1828,-1497,-1281,-1070,-1513,-1459,-1291,-1233,-29984,-29984]} 1. e4 e5 2. Nf3 Nc6 3. Bc4 Nf6 4. d3 Bc5 5. O-O d6 6. h3 h6 7. c3 O-O 8. b4 Bb6 9. Bb3 {C54: Giuoco Piano: 4 c3 Nf6, main lines with 5 d4 and 5 d3.} Qe7 10. Nbd2 {[#]} a5 $146 ({Predecessor:} 10... a6 11. Nc4 Ba7 12. a4 Be6 13. b5 Nb8 14. Re1 axb5 15. Ne3 bxa4 16. Bxa4 Nbd7 17. Ba3 Nc5 18. Bc2 Bb6 {1-0 (41) Hiermann,D (2090)-Heimrath,R (2150) Wuerzburg 1995}) 11. Nc4 (11. b5 $14 Nd8 12. Bc2) 11... axb4 $11 12. Nxb6 cxb6 13. c4 Nd7 14. Bd2 Nc5 15. Bc2 {[#]} (15. Be3 $17 {was worth a try.}) 15... f5 $1 $19 16. Qe1 $2 (16. Be3) 16... fxe4 {[%mdl 64] Discovered Attack} 17. dxe4 {[#]} (17. Nh2 $142 exd3 18. Bb3) 17... Rxf3 $1 {[%mdl 512]} 18. gxf3 Bxh3 19. Qe3 Bxf1 20. Kxf1 Nd4 21. Bd1 Ra3 22. Bxb4 Rxe3 23. fxe3 Nc6 24. Bc3 Qh4 {( -> ...Qh1+)} 25. Be2 {[#]} Nb4 $1 26. Kg2 {[#]} (26. Bxb4 Qh1+) 26... Nc2 $1 {[%mdl 64] Double Attack. Av CentiPawn Loss W=-202/B=-54. Weighted=-260/-37} 0-1